| 000 | 00926cam a2200217 a 4500 | ||
|---|---|---|---|
| 001 | 000007301 | ||
| 005 | 20200929154127.0 | ||
| 008 | 030320s1999 uy a b f001 p spa | ||
| 040 |
_aDO-SdBNP _cDLC |
||
| 082 |
_a861.44 _bC352L |
||
| 100 | 1 |
_aCastillo, Jorge Luis, _d1960- _920274 |
|
| 245 | 1 | 3 |
_aEl lenguaje y la poesía de Julio Herrera y Reissig / _cJorge Luis Castillo. |
| 260 |
_aUruguay : _bDirección General de Asuntos Culturales, Ministerio de Relaciones Exteriores : _bBiblioteca de Marcha, _c1999. |
||
| 300 |
_a339 p. : _bil. ; _c21 cm. |
||
| 504 | _aIncluye referencias bibliográficas (p. 323-339) y notas al pie de las páginas. | ||
| 650 | 4 |
_aModernismo (literatura) _zUruguay _920275 |
|
| 650 | 4 |
_aEstilo literario _95690 |
|
| 600 | 1 | 4 |
_aHERRERAY REISSIG, JULIO, _d1875-1910 _xCRÍTICA E INTERPRETACIÓN _920276 |
| 710 | 2 |
_aUniversidad de California, Santa Barbara _920277 |
|
| 910 | _aCatalogación por copia / LC | ||
| 999 |
_c7082 _d7082 |
||